| 000 | 00402nam a2200085Ia 4500 | ||
|---|---|---|---|
| 008 | 160725s9999 xx 000 0 und d | ||
| 245 | _aAssociation between teaching styles and selected variables : an explanation of outstanding teaching in higher education institutions in Metro Manila | ||
| 650 | _aCANEO, VIRGINIA | ||
| 856 | _uhttps://conference.apnic.net/__data/assets/pdf_file/0005/8987/lasay-isocph.pdf | ||
| 999 |
_c297986 _d297986 |
||